|
|
|
|
| LEADER |
00918nam a2200241I 4500 |
| 001 |
1089 |
| 003 |
BD-DhAAL |
| 008 |
150920s1950 enk 00 eng |
| 010 |
|
|
|a 50010236
|
| 040 |
|
|
|a DLC
|c AKU
|d OCL
|d BD-DhAAL
|
| 082 |
|
|
|a 342.41
|
| 100 |
1 |
|
|a Jennings, Ivor,
|c Sir,
|d 1903-1965.
|9 14910
|
| 245 |
0 |
4 |
|a The British Constitution.
|
| 250 |
|
|
|a 5th ed.
|
| 260 |
|
|
|a Cambridge [Eng.]
|a New Delhi
|b University Press,
|b University Book stall,
|c 1994.
|
| 300 |
|
|
|a xi, 218 p.
|b plates
|c 22 cm.
|
| 490 |
|
|
|a English institutions.
|
| 541 |
|
|
|e 1089
|
| 650 |
|
0 |
|a Constitutional law
|z Great Britain.
|9 14911
|
| 651 |
|
0 |
|a Great Britain
|x Politics and government.
|9 11962
|
| 942 |
|
|
|2 ddc
|c BK
|
| 999 |
|
|
|c 35624
|d 35624
|
| 952 |
|
|
|0 0
|1 0
|2 ddc
|4 0
|6 342_410000000000000_JEN
|7 0
|9 56011
|a SCL
|b SCL
|c GEN
|d 2015-09-20
|g 53.00
|l 0
|o 342.41 JEN
|p 3020001089
|r 2015-09-20
|t 1
|w 2015-09-20
|y BK
|x 'The mentioned price is BDT conversion, actual price was RS45'
|